Functional Somatic Symptoms in Children and Adolescents : A Stress-System Approach to Assessment and Treatment (Record no. 47677)
[ view plain ]
| 000 -LEADER | |
|---|---|
| fixed length control field | 01709nam a2200265Ia 4500 |
| 000 - LEADER | |
| fixed length control field | 03172naaa 00649uu |
| 001 - CONTROL NUMBER | |
| control field | https://directory.doabooks.org/handle/20.500.12854/28358 |
| 005 - DATE AND TIME OF LATEST TRANSACTION | |
| control field | 20260218105716.0 |
| 008 - FIXED-LENGTH DATA ELEMENTS--GENERAL INFORMATION | |
| fixed length control field | 211013s9999 xx 000 0 und d |
| 020 ## - INTERNATIONAL STANDARD BOOK NUMBER | |
| International Standard Book Number | 978-3-030-46184-3 |
| 024 ## - OTHER STANDARD IDENTIFIER | |
| Standard number or code | 10.1007/978-3-030-46184-3 |
| 042 ## - AUTHENTICATION CODE | |
| Authentication code | dc |
| 245 #0 - TITLE STATEMENT | |
| Title | Functional Somatic Symptoms in Children and Adolescents : A Stress-System Approach to Assessment and Treatment |
| 260 ## - PUBLICATION, DISTRIBUTION, ETC. | |
| Name of publisher, distributor, etc. | Springer Nature |
| Date of publication, distribution, etc. | 2020 |
| 300 ## - PHYSICAL DESCRIPTION | |
| Extent | 1 electronic resource (383 p.) |
| 520 ## - SUMMARY, ETC. | |
| Summary, etc. | This open access book sets out the stress-system model for functional somatic symptoms in children and adolescents. The book begins by exploring the initial encounter between the paediatrician, child, and family, moves through the assessment process, including the formulation and the treatment contract, and then describes the various forms of treatment that are designed to settle the child's dysregulated stress system. This approach both provides a new understanding of how such symptoms emerge - typically, through a history of recurrent or chronic stress, either physical or psychological - and points the way to effective assessment, management, and treatment that put the child (and family) back on the road to health and well-being. |
| 540 ## - TERMS GOVERNING USE AND REPRODUCTION NOTE | |
| Terms governing use and reproduction | Creative Commons |
| 653 ## - INDEX TERM--UNCONTROLLED | |
| Uncontrolled term | Psychotherapy and Counseling |
| 700 1# - ADDED ENTRY--PERSONAL NAME | |
| Personal name | Helgeland, Helene |
| 700 1# - ADDED ENTRY--PERSONAL NAME | |
| Personal name | Kozlowska, Kasia |
| 700 1# - ADDED ENTRY--PERSONAL NAME | |
| Personal name | Scher, Stephen |
| 856 ## - ELECTRONIC LOCATION AND ACCESS | |
| Uniform Resource Identifier | <a href="https://docs.google.com/spreadsheets/d/1yKIrdCPDAG_9c22mwoOIO2DOhtj65Wqa/edit?usp=sharing&ouid=106555315294820607512&rtpof=true&sd=true ">https://docs.google.com/spreadsheets/d/1yKIrdCPDAG_9c22mwoOIO2DOhtj65Wqa/edit?usp=sharing&ouid=106555315294820607512&rtpof=true&sd=true </a> |
| Link text | List of Curated E-Books |
| 942 ## - ADDED ENTRY ELEMENTS (KOHA) | |
| Koha item type | E-Book |
| Withdrawn status | Source of classification or shelving scheme | Damaged status | Not for loan | Home library | Current library | Date acquired | Total Checkouts | Date last seen | Price effective from | Koha item type |
|---|---|---|---|---|---|---|---|---|---|---|
| Library of Congress Classification | Not For Loan | Directory of Open Access Books | Directory of Open Access Books | 12/22/2021 | 12/22/2021 | 12/22/2021 | E-Book |